| 000 | 00369nam a2200145Ia 4500 | ||
|---|---|---|---|
| 008 | 230312s9999||||xx |||||||||||||| ||und|| | ||
| 020 | _a93-80108-46-9 | ||
| 082 |
_a612 _bJAC-M |
||
| 100 | _aJacobsen;Thomas.M | ||
| 245 | 0 | _aModern Pharmaceutical Industry | |
| 260 |
_bJones & Barrlett _aIndia _c2010 |
||
| 300 | _a317 | ||
| 650 |
_aPharmacy _vPharmaceutics |
||
| 942 | _cBK | ||
| 999 |
_c9917 _d9917 |
||